Library Banner

زندگی پھر مسکرائی (Record no. 71980)

MARC details
000 -LEADER
fixed length control field 00446nam a22001577a 4500
005 - DATE AND TIME OF LATEST TRANSACTION
control field 20150518110905.0
008 - FIXED-LENGTH DATA ELEMENTS--GENERAL INFORMATION
fixed length control field 150518b xxu||||| |||| 00| 0 eng d
040 ## - CATALOGING SOURCE
Transcribing agency PK-LaUMT
082 ## - DEWEY DECIMAL CLASSIFICATION NUMBER
Classification number KHC 891.4393
Item number PER-Z
100 ## - MAIN ENTRY--PERSONAL NAME
Personal name پرل ایس بک
245 ## - TITLE STATEMENT
Title زندگی پھر مسکرائی
Statement of responsibility, etc پرل ایس بک
260 ## - PUBLICATION, DISTRIBUTION, ETC. (IMPRINT)
Place of publication, distribution, etc لاہور
Name of publisher, distributor, etc مقبول اکیڈمی
Date of publication, distribution, etc [N.D]
300 ## - PHYSICAL DESCRIPTION
Extent 203 ص
700 ## - ADDED ENTRY--PERSONAL NAME
Personal name یوسف ظفر(مترجم
942 ## - ADDED ENTRY ELEMENTS (KOHA)
Koha item type Books
Holdings
Withdrawn status Lost status Damaged status Home library Current library Date acquired Full call number Barcode Date last seen Price effective from Koha item type
      UMT Main Campus UMT Main Campus 2015-05-18 KHC 891.4393 PER-Z 80115 2015-05-18 2015-05-18 Books